000 00562nam a2200205Ia 4500
005 20250923145157.0
008 008 250917s9999 xx 000 0 eng d
037 _aTextual
040 _aDSWL
_beng
_cDSWL
041 _aeng
_2eng
084 _aY12:45:2, N69
_qDSWL
100 _aShaw, Otto L.
_9832560
245 0 _aPrisons of the Mind
_cby Otto L. Shaw
260 _aLondon
_bGeorge Allen & Unwin
_c1969
300 _a224p.
365 _aINR
_b50
925 _g50
942 _cTEXL
_hY12:45:2, N69
999 _c1448119
_d1448119